| 000 | 00380nam a2200157Ia 4500 | ||
|---|---|---|---|
| 008 | 230312s9999||||xx |||||||||||||| ||und|| | ||
| 020 | _a0-506-1948-1 | ||
| 082 |
_a657 _bATR-A |
||
| 100 | _aAtrill,Peter | ||
| 245 | 0 | _aAccounting for Business | |
| 260 |
_bOXFORD _aLONDON _c1994 |
||
| 300 | _a434 | ||
| 546 | _aEng. | ||
| 650 |
_aAccounting _vAccounting for Business |
||
| 942 | _cBK | ||
| 999 |
_c5862 _d5862 |
||